000 00761nam a2200205 a 4500
003 0
005 20250528094104.0
008 021127s19uu xx 00 eng d
050 _aPGS HQ 799.2.C45
_b.M678 2001
100 _aMisa, Mary Anne.
245 _aA study on the usage of cellphone among selected students of Southville International School /
_cMary Anne Misa.
260 _aLas PiƱas City, Philippines :
_bSouthville International School and Colleges,
_c2001.
300 _a19 pages :
_bcolored illustrations ;
_c28 cm.
504 _aIncludes bibliographical references.
650 _aCell phones
_vUse studies.
650 _aCell phones
_vSocial aspects.
650 _aTechnology and youth.
650 _aStudents
_vAttitudes.
942 _2lcc
_cPASS
999 _c96478
_d96478